LEADER 02652nam0 22005653i 450 001 CFI0004250 005 20251003044106.0 100 $a19851210d1978 ||||0itac50 ba 101 | $aita 102 $ait 181 1$6z01$ai $bxxxe 182 1$6z01$an 183 1$6z01$anc$2RDAcarrier 200 1 $aSindacato e autogestione 210 $a[Roma]$cLavoro$dstampa 1978 215 $a271 p.$d21 cm 300 $aAtti del convegno La partecipazione dei lavoratori: cogestione e autogestione, Milano, 19-21 settembre 1977 300 $aIn testa al front.: Fondazione Pietro Seveso. 500 11$aSindacato e autogestione.$3MSE0068541$92964660 606 $aAziende$xGestione$xPartecipazione [dei] Lavoratori$2FIR$3IEIC001735$9I 606 $aSindacati$xCongressi$xItalia$x1977$2FIR$3LO1C046552$9I 606 $aAutogestione$xItalia$2FIR$3LO1C428552$9I 676 $a331.88$9SINDACATI$v23 676 $a331.880945$9SINDACATI. Italia$v19 676 $a338.6$9ORGANIZZAZIONE DELLA PRODUZIONE$v20 676 $a338.6 SIN 5234$9$v20 686 $a414.2$cM0VIMENTI E ORGANIZZAZIONI SINDACALI 1968-1989$2R 686 $aIT/4420.0$cPOLITICA E CULTURA ITALIA 1968-1989$2R 686 $aIT/4430.0$cECONOMIA E SOCIETA ITALIA 1968-1989$2R 686 $aIT/4436.0$cLAVORO SINDACATI DEI LAVORATORI ITALIA 1968-1989$2R 686 $aIT/4436.8$cORGANIZZAZIONI SINDACALI E ALTRE ITALIA 1968-1989$2R 686 $aX0.8/1977$cCONFERENZE CONGRESSI E CONVEGNI (ATTI DI) 1977$2R 696 $aImprese 696 $aConvegni$aCongressi e convegni$aAssociazioni sindacali$aOrganizzazioni sindacali$aOrganizzazione sindacale 699 $aAziende$yImprese 699 $aCongressi$yConvegni 699 $aCongressi$yCongressi e convegni 699 $aSindacati$yAssociazioni sindacali 699 $aSindacati$yOrganizzazioni sindacali 699 $aSindacati$zOrganizzazione sindacale 712 02$aFondazione regionale Pietro Seveso$3TO0V103938 791 02$aFondazione Pietro Seveso$3LO1V261641$zFondazione regionale Pietro Seveso 801 3$aIT$bIT-000000$c19851210 850 $aIT-BN0095 901 $bNAP 01$cPOZZO LIB.$nVi sono collocati fondi di economia, periodici di ingegneria e scienze, periodici di economia e statistica e altri fondi comprendenti documenti di economia pervenuti in dono. 912 $aCFI0004250 950 0$aBiblioteca Centralizzata di Ateneo$c1 v.$d 01POZZO LIB.F. SANTI 517$e 0101 0060033525E VMA 1 v. (Precedente collocazione S 457)$fB $h20221111$i20221111 977 $a 01 996 $aSindacato e autogestione$92964660 997 $aUNISANNIO